000
00223nam a22000857a 4500
008
160917b xxu||||| |||| 00| 0 eng d
100
_9
628
_a
Purang Y.P
245
_a
Composite Science-7
260
_a
New Delhi
_b
APC publication
_c
2012
999
_c
3287
_d
3287